[Event "CP-2018-S-00004"]
[Site "LSS email"]
[Date "2018.02.05"]
[Round "?"]
[White "Ter Steeg, Ronald"]
[Black "Lelito, Jerzy"]
[Result "0-1"]
[WhiteElo "2213"]
[BlackElo "2297"]
[PlyCount "66"]
[EventDate "2018.02.10"]
[EventType "tourn (corr)"]
[EventRounds "7"]
[EventCountry "GER"]
[SourceTitle "Corr 2022"]
[Source "ChessBase"]
[SourceDate "2021.10.24"]
[SourceVersion "1"]
[SourceVersionDate "2021.10.24"]
[SourceQuality "1"]

1. e4 e5 2. Nf3 Nc6 3. Bb5 f5 4. Nc3 fxe4 5. Nxe4 Nf6 6. Nxf6+ Qxf6 7. Qe2 Be7 8. Bxc6 bxc6 9. Nxe5 Qe6 10. Nf3 d6 11. d3 0-0 12. Qxe6+ Bxe6 13. Ng5 Bf5 14. Bd2 c5 15. 0-0-0 h6 16. Nf3 Bf6 17. Rde1 Bd7 18. b3 Bc6 19. Rhg1 Rf7 20. Re2 Raf8 21. Be3 Re8 22. Kd1 g5 23. h3 Rfe7 24. Rge1 Kf7 25. Bd2 Rxe2 26. Rxe2 Rg8 27. Ke1 h5 28. Kf1 g4 29. hxg4 hxg4 30. Nh2 Bd4 31. Bf4 Kf6 32. Bd2 Kf7 33. Be3 Bc3 0-1

[Event "CP-2018-S-00004"]
[Site "LSS email"]
[Date "2018.02.05"]
[Round "?"]
[White "Ter Steeg, Ronald"]
[Black "Ramirez, Mario"]
[Result "1/2-1/2"]
[WhiteElo "2213"]
[BlackElo "2169"]
[PlyCount "83"]
[EventDate "2018.02.10"]
[EventType "tourn (corr)"]
[EventRounds "7"]
[EventCountry "GER"]
[SourceTitle "Corr 2022"]
[Source "ChessBase"]
[SourceDate "2021.10.24"]
[SourceVersion "1"]
[SourceVersionDate "2021.10.24"]
[SourceQuality "1"]

1. d4 Nf6 2. c4 e6 3. Nc3 Bb4 4. Qc2 0-0 5. a3 Bxc3+ 6. Qxc3 b6 7. Bg5 Bb7 8. e3 d6 9. Ne2 Nbd7 10. Qc2 c5 11. Rd1 Qe7 12. Nc3 cxd4 13. Rxd4 Rac8 14. Nb5 d5 15. Nxa7 Ra8 16. Nb5 Qc5 17. Bh4 h6 18. Be2 Rfc8 19. Qb1 dxc4 20. Rxc4 Qd5 21. Rxc8+ Rxc8 22. f3 Qe5 23. Bf2 Ba6 24. Nc3 Bxe2 25. Kxe2 Nd5 26. Ne4 Qc7 27. Bg3 Ne5 28. Rd1 f5 29. Nf2 Qc2+ 30. Qxc2 Rxc2+ 31. Rd2 Rxd2+ 32. Kxd2 Nc4+ 33. Kd3 Ncxe3 34. Ne4 Nxg2 35. Nc3 f4 36. Bf2 Nge3 37. a4 Kf7 38. Bxe3 Nxe3 39. b4 Ke7 40. a5 bxa5 41. bxa5 Kd7 42. Ne2 1/2-1/2

[Event "CP-2017-S-00006"]
[Site "LSS email"]
[Date "2017.02.06"]
[Round "?"]
[White "Denisov, Timofey"]
[Black "Ter Steeg, Ronald"]
[Result "0-1"]
[WhiteElo "2308"]
[BlackElo "2175"]
[PlyCount "110"]
[EventDate "2017.02.12"]
[EventType "tourn (corr)"]
[EventRounds "7"]
[EventCountry "GER"]
[SourceTitle "Corr 2022"]
[Source "ChessBase"]
[SourceDate "2021.10.24"]
[SourceVersion "1"]
[SourceVersionDate "2021.10.24"]
[SourceQuality "1"]

1. d4 Nf6 2. c4 g6 3. Nc3 d5 4. cxd5 Nxd5 5. e4 Nxc3 6. bxc3 Bg7 7. Nf3 c5 8. Be3 Qa5 9. Qd2 0-0 10. Rc1 Rd8 11. d5 e6 12. Bg5 Rd6 13. Be2 exd5 14. exd5 b5 15. 0-0 Bb7 16. Rb1 c4 17. Nd4 Rxd5 18. Bf3 Rxd4 19. cxd4 Qxd2 20. Bxd2 Bxf3 21. gxf3 a6 22. Kg2 Nc6 23. d5 Nd4 24. Rfe1 Bf8 25. Bc3 Nf5 26. a4 Rb8 27. Re4 Bd6 28. Bf6 h6 29. Rbe1 Kf8 30. axb5 axb5 31. Ra1 Be7 32. Bxe7+ Nxe7 33. d6 Nf5 34. d7 Rd8 35. Ra7 f6 36. Re6 Kf7 37. Rb6 Nd4 38. Rd6 Ne6 39. Raa6 Nf4+ 40. Kh1 Nh5 41. Ra7 Nf4 42. Rb6 Nd3 43. Rxb5 Nxf2+ 44. Kg2 Nd3 45. Rc7 Nf4+ 46. Kg3 Ne6 47. Rb8 Ke7 48. Rxd8 Kxd8 49. Rxc4 Kxd7 50. Rb4 Kd6 51. f4 Ng7 52. Rb6+ Ke7 53. Rb7+ Kf8 54. Rb8+ Kf7 55. Rb7+ Kf8 0-1

[Event "CP-2016-Q-00002"]
[Site "LSS email"]
[Date "2016.11.23"]
[Round "?"]
[White "Ter Steeg, Ronald"]
[Black "Kuzmin, Konstantin"]
[Result "1/2-1/2"]
[WhiteElo "2170"]
[BlackElo "2379"]
[PlyCount "70"]
[EventDate "2016.12.01"]
[EventType "tourn (corr)"]
[EventRounds "6"]
[EventCountry "GER"]
[SourceTitle "Corr 2022"]
[Source "ChessBase"]
[SourceDate "2021.10.24"]
[SourceVersion "1"]
[SourceVersionDate "2021.10.24"]
[SourceQuality "1"]

1. d4 Nf6 2. c4 e6 3. Nc3 Bb4 4. Qc2 0-0 5. e4 d6 6. a3 Bxc3+ 7. bxc3 c5 8. Bd3 Nc6 9. Ne2 b6 10. 0-0 Ba6 11. Bg5 h6 12. Bh4 g5 13. Bg3 Nh5 14. d5 Na5 15. dxe6 fxe6 16. e5 Nf4 17. Be4 Rb8 18. Bxf4 gxf4 19. Rfd1 Nxc4 20. exd6 Qf6 21. Qa4 Na5 22. Bd3 Bb7 23. Be4 Ba6 24. Bd3 Bb7 25. Be4 Bxe4 26. Qxe4 Rbd8 27. f3 Rd7 28. Ra2 Nb7 29. Rad2 e5 30. c4 Qf5 31. Qd5+ Rff7 32. Qc6 Na5 33. Qd5 Nb7 34. Qc6 Na5 35. Qd5 Nb7 1/2-1/2

[Event "WC-2016-Q-00010"]
[Site "LSS email"]
[Date "2016.08.29"]
[Round "?"]
[White "Bendig, Frank"]
[Black "Ter Steeg, Ronald"]
[Result "1/2-1/2"]
[WhiteElo "2174"]
[BlackElo "2144"]
[PlyCount "44"]
[EventDate "2016.09.03"]
[EventType "tourn (corr)"]
[EventRounds "12"]
[EventCountry "GER"]
[SourceTitle "Corr 2022"]
[Source "ChessBase"]
[SourceDate "2021.10.24"]
[SourceVersion "1"]
[SourceVersionDate "2021.10.24"]
[SourceQuality "1"]

1. d4 Nf6 2. Nf3 g6 3. Nc3 d5 4. Bf4 Bg7 5. e3 0-0 6. Be2 c5 7. 0-0 cxd4 8. exd4 Nc6 9. Ne5 Qb6 10. Nxc6 Qxc6 11. Qd2 Rd8 12. a4 Ne4 13. Qe3 Nxc3 14. bxc3 a6 15. Rfb1 Bf5 16. Ra2 Re8 17. g4 Bd7 18. Rab2 Qxa4 19. Rxb7 Qxc2 20. R1b2 Qa4 21. Rb1 a5 22. Qf3 Bc6 1/2-1/2

[Event "WC-2016-Q-00010"]
[Site "LSS email"]
[Date "2016.08.29"]
[Round "?"]
[White "Ter Steeg, Ronald"]
[Black "Fritsche, Frank"]
[Result "0-1"]
[WhiteElo "2144"]
[BlackElo "2347"]
[PlyCount "66"]
[EventDate "2016.09.03"]
[EventType "tourn (corr)"]
[EventRounds "12"]
[EventCountry "GER"]
[SourceTitle "Corr 2022"]
[Source "ChessBase"]
[SourceDate "2021.10.24"]
[SourceVersion "1"]
[SourceVersionDate "2021.10.24"]
[SourceQuality "1"]

1. d4 Nf6 2. c4 g6 3. Nc3 Bg7 4. e4 d6 5. Nf3 0-0 6. Be2 e5 7. 0-0 Nc6 8. d5 Ne7 9. Ne1 Nd7 10. Be3 f5 11. f3 f4 12. Bf2 g5 13. Nd3 Nf6 14. c5 Ng6 15. Kh1 Rf7 16. a4 h5 17. a5 g4 18. Qe1 Bh6 19. Bg1 Bd7 20. Nb4 g3 21. c6 bxc6 22. Nxc6 Qf8 23. Nb5 Rg7 24. Bxa7 h4 25. h3 Qc8 26. Nxc7 Qxc7 27. Bb6 Qc8 28. Rc1 Bxh3 29. Ne7+ Rxe7 30. Rxc8+ Bxc8 31. Bd8 Rb7 32. Qc3 Bg5 33. Qc6 h3 0-1

[Event "WC-2016-P-00006"]
[Site "LSS email"]
[Date "2016.01.22"]
[Round "?"]
[White "Ter Steeg, Ronald"]
[Black "Mauer, Klaus"]
[Result "1/2-1/2"]
[WhiteElo "2122"]
[BlackElo "1905"]
[PlyCount "62"]
[EventDate "2016.01.28"]
[EventType "tourn (corr)"]
[EventRounds "12"]
[EventCountry "GER"]
[SourceTitle "Corr 2022"]
[Source "ChessBase"]
[SourceDate "2021.10.24"]
[SourceVersion "1"]
[SourceVersionDate "2021.10.24"]
[SourceQuality "1"]

1. d4 Nf6 2. c4 e6 3. Nf3 c5 4. d5 b5 5. Bf4 exd5 6. cxd5 Bb7 7. d6 Qa5+ 8. Nc3 b4 9. Nb1 Nh5 10. Be5 f6 11. Bg3 Nxg3 12. hxg3 Qb6 13. Nbd2 Qxd6 14. Nh4 Nc6 15. Ng6 Rg8 16. Rxh7 0-0-0 17. e3 f5 18. Nxf8 Qxf8 19. Qa4 Qf6 20. Rc1 Rh8 21. Rxh8 Rxh8 22. Rxc5 Qxb2 23. f3 Rh1 24. Qb3 Qa1+ 25. Kf2 a5 26. Qc4 g6 27. Rxa5 b3 28. Nxb3 Qb2+ 29. Be2 Qb1 30. Bf1 Qb2+ 31. Be2 Qb1 1/2-1/2

[Event "CP-2015-Q-00011"]
[Site "LSS email"]
[Date "2015.12.02"]
[Round "?"]
[White "Prozorovskij, Vyacheslav"]
[Black "Ter Steeg, Ronald"]
[Result "1/2-1/2"]
[WhiteElo "1997"]
[BlackElo "2100"]
[PlyCount "53"]
[EventDate "2015.12.08"]
[EventType "tourn (corr)"]
[EventRounds "6"]
[EventCountry "GER"]
[SourceTitle "Corr 2022"]
[Source "ChessBase"]
[SourceDate "2021.10.24"]
[SourceVersion "1"]
[SourceVersionDate "2021.10.24"]
[SourceQuality "1"]

1. d4 Nf6 2. c4 g6 3. Nc3 d5 4. Nf3 Bg7 5. Qb3 dxc4 6. Qxc4 0-0 7. e4 a6 8. Qb3 b5 9. e5 Nfd7 10. Be2 c5 11. e6 cxd4 12. exf7+ Kh8 13. Ne4 Nc6 14. h4 h6 15. h5 g5 16. Bxg5 Nde5 17. Nh4 Rxf7 18. f4 Na5 19. Qg3 Nec4 20. 0-0 Bf5 21. Nxf5 Rxf5 22. Bh4 Ne3 23. Bd3 Qe8 24. Rf2 Nac4 25. Re1 Qf7 26. Qg6 Rf8 27. Bxe7 1/2-1/2

[Event "BI-2015-F-0000"]
[Site "LSS email"]
[Date "2015.02.12"]
[Round "?"]
[White "Ortiz, Manuel"]
[Black "Ter Steeg, Ronald"]
[Result "1/2-1/2"]
[WhiteElo "2245"]
[BlackElo "1787"]
[PlyCount "53"]
[EventDate "2015.02.11"]
[EventType "tourn (corr)"]
[EventRounds "10"]
[EventCountry "GER"]
[SourceTitle "Corr 2022"]
[Source "ChessBase"]
[SourceDate "2021.10.24"]
[SourceVersion "1"]
[SourceVersionDate "2021.10.24"]
[SourceQuality "1"]

1. e4 e5 2. Nf3 Nc6 3. Bb5 a6 4. Ba4 Nf6 5. 0-0 Be7 6. Re1 b5 7. Bb3 d6 8. c3 0-0 9. h3 Nb8 10. d4 Nbd7 11. Nbd2 Bb7 12. Bc2 Re8 13. Nf1 Bf8 14. Ng3 g6 15. Bg5 h6 16. Bd2 Bg7 17. Qc1 Kh7 18. a4 c5 19. d5 c4 20. Be3 Qc7 21. Qd2 Nc5 22. Kh2 Reb8 23. Ra3 Nfd7 24. Qd1 Nb6 25. axb5 axb5 26. Rxa8 Rxa8 27. Qe2 1/2-1/2

[Event "BI-2015-F-0000"]
[Site "LSS email"]
[Date "2015.02.12"]
[Round "?"]
[White "Ter Steeg, Ronald"]
[Black "Herzog, Klaus"]
[Result "1-0"]
[WhiteElo "1787"]
[BlackElo "1842"]
[PlyCount "45"]
[EventDate "2015.02.11"]
[EventType "tourn (corr)"]
[EventRounds "10"]
[EventCountry "GER"]
[SourceTitle "Corr 2022"]
[Source "ChessBase"]
[SourceDate "2021.10.24"]
[SourceVersion "1"]
[SourceVersionDate "2021.10.24"]
[SourceQuality "1"]

1. d4 d5 2. c4 dxc4 3. e4 e5 4. Nf3 exd4 5. Bxc4 Nc6 6. 0-0 Be6 7. Bb5 Bc5 8. b4 Bb6 9. a4 a5 10. bxa5 Rxa5 11. Nbd2 Nge7 12. Ng5 0-0 13. Qh5 h6 14. Nxe6 fxe6 15. Nc4 Ra8 16. Ra3 Rf6 17. a5 Ba7 18. Rg3 Qe8 19. Qh3 Rg6 20. Rf3 Bc5 21. Ne5 Rxa5 22. Nxg6 Qxg6 23. Rg3 1-0

[Event "SC-2014-0-00249"]
[Site "LSS email"]
[Date "2014.12.31"]
[Round "?"]
[White "Pech, Jaroslav Sr"]
[Black "Ter Steeg, Ronald"]
[Result "0-1"]
[WhiteElo "1915"]
[BlackElo "1745"]
[PlyCount "72"]
[EventDate "2014.11.23"]
[EventType "tourn (corr)"]
[EventRounds "6"]
[EventCountry "GER"]
[SourceTitle "Corr 2022"]
[Source "ChessBase"]
[SourceDate "2021.10.24"]
[SourceVersion "1"]
[SourceVersionDate "2021.10.24"]
[SourceQuality "1"]

1. e4 e5 2. Nf3 Nc6 3. Bb5 a6 4. Ba4 Nf6 5. 0-0 Be7 6. Re1 b5 7. Bb3 d6 8. c3 0-0 9. h3 Nb8 10. d4 Nbd7 11. Nbd2 Bb7 12. Bc2 Re8 13. Nf1 Bf8 14. Ng3 g6 15. a4 c5 16. d5 c4 17. Bg5 Be7 18. Be3 Qc7 19. Qe2 Nc5 20. Reb1 Nfd7 21. Nh2 Nf6 22. Ra3 Reb8 23. Rba1 h5 24. Nf3 Nfd7 25. Ng5 Qd8 26. Qd2 Rc8 27. Nf3 Nb6 28. axb5 axb5 29. Rxa8 Bxa8 30. Ra5 Nxd5 31. Rxa8 Rxa8 32. exd5 Ra1+ 33. Kh2 h4 34. Ne2 Nd7 35. Bh6 Ra2 36. Qc1 Qa8 0-1

[Event "SC-2014-0-00249"]
[Site "LSS email"]
[Date "2014.12.31"]
[Round "?"]
[White "Ter Steeg, Ronald"]
[Black "Lombart, Philippe"]
[Result "1-0"]
[WhiteElo "1745"]
[BlackElo "1680"]
[PlyCount "69"]
[EventDate "2014.11.23"]
[EventType "tourn (corr)"]
[EventRounds "6"]
[EventCountry "GER"]
[SourceTitle "Corr 2022"]
[Source "ChessBase"]
[SourceDate "2021.10.24"]
[SourceVersion "1"]
[SourceVersionDate "2021.10.24"]
[SourceQuality "1"]

1. d4 d5 2. c4 e6 3. Nc3 Bb4 4. e3 Nf6 5. a3 Bxc3+ 6. bxc3 0-0 7. cxd5 exd5 8. Bd3 b6 9. Ne2 Ba6 10. Bxa6 Nxa6 11. Qd3 Qc8 12. 0-0 c5 13. f3 c4 14. Qc2 Nc7 15. Ng3 g6 16. e4 Nfe8 17. Bh6 Ng7 18. f4 Re8 19. f5 dxe4 20. fxg6 hxg6 21. Nxe4 Re6 22. Nf6+ Kh8 23. d5 Rd6 24. Qe4 Nce8 25. Qe7 Rxf6 26. Qf8+ Kh7 27. Rxf6 Kxh6 28. Qh8+ Kg5 29. Rxf7 Qg4 30. Rxg7 Nxg7 31. Qxa8 Nf5 32. Qd8+ Kh5 33. d6 Qf4 34. Qh8+ Kg5 35. d7 1-0

[Event "ZI-2014-0-01913"]
[Site "LSS email"]
[Date "2014.12.12"]
[Round "?"]
[White "Ter Steeg, Ronald"]
[Black "Ilyin, Igor"]
[Result "1-0"]
[WhiteElo "1745"]
[BlackElo "2154"]
[PlyCount "81"]
[EventDate "2014.12.06"]
[EventType "match (corr)"]
[EventRounds "2"]
[EventCountry "GER"]
[SourceTitle "Corr 2022"]
[Source "ChessBase"]
[SourceDate "2021.10.24"]
[SourceVersion "1"]
[SourceVersionDate "2021.10.24"]
[SourceQuality "1"]

1. d4 Nf6 2. c4 g6 3. Nc3 d5 4. Nf3 Bg7 5. Qb3 dxc4 6. Qxc4 0-0 7. e4 a6 8. Be2 b5 9. Qb3 Nc6 10. e5 Be6 11. exf6 Bxb3 12. fxg7 Kxg7 13. axb3 Nxd4 14. Nxd4 Qxd4 15. 0-0 Qb4 16. Bf3 Qxb3 17. Ra3 Qc4 18. Nd5 Rad8 19. Rc3 Qa4 20. b3 Qa2 21. Nb4 Qa5 22. Bb2 f6 23. Nc6 Qa2 24. Nxd8 Rxd8 25. Bc1 Rd7 26. Bg4 f5 27. Bf3 e5 28. h4 b4 29. Rc5 Qxb3 30. Rxe5 Qc2 31. Rfe1 b3 32. R5e2 Qc4 33. Bb2+ Kf7 34. g3 Qb4 35. Re6 Kg8 36. R1e5 Qd2 37. Re2 Qd3 38. Kg2 Rd8 39. Re7 Qc4 40. Rg7+ Kf8 41. Ree7 1-0

[Event "SC-2014-0-00242"]
[Site "LSS email"]
[Date "2014.11.06"]
[Round "?"]
[White "Ter Steeg, Ronald"]
[Black "Owens, Johnny"]
[Result "1-0"]
[WhiteElo "1630"]
[BlackElo "1844"]
[PlyCount "85"]
[EventDate "2014.08.30"]
[EventType "tourn (corr)"]
[EventRounds "6"]
[EventCountry "GER"]
[SourceTitle "Corr 2022"]
[Source "ChessBase"]
[SourceDate "2021.10.24"]
[SourceVersion "1"]
[SourceVersionDate "2021.10.24"]
[SourceQuality "1"]

1. d4 e6 2. c4 Nf6 3. Nc3 d5 4. cxd5 exd5 5. Bg5 c6 6. Qc2 h6 7. Bh4 Be6 8. e3 Bd6 9. Bd3 Qe7 10. Nge2 Nbd7 11. h3 0-0 12. f4 Nb6 13. 0-0 Rae8 14. Rf3 Bc8 15. a4 Bb8 16. a5 Nbd7 17. g4 Kh8 18. Ng3 Qe6 19. Raf1 Rg8 20. g5 hxg5 21. fxg5 g6 22. gxf6 g5 23. Nh5 g4 24. Kh1 gxf3 25. Rxf3 Nf8 26. Ng7 Rxg7 27. fxg7+ Kxg7 28. Qf2 Nh7 29. Bxh7 Kxh7 30. Rxf7+ Kg8 31. Rf3 Qg6 32. Bg3 Bxh3 33. Bxb8 Bg2+ 34. Qxg2 Qxg2+ 35. Kxg2 Rxb8 36. Na4 Re8 37. Nc5 Re7 38. Kf2 b6 39. axb6 axb6 40. Nd3 Kh7 41. Rf6 c5 42. dxc5 bxc5 43. Nxc5 1-0